LEADER 01263nam a2200289 i 4500 001 000000034384 003 CaOOAMICUS 005 20250507101501.0 008 130319s1980 it u000 u ita u 013 $a741 020 $a88-16-30069-8 040 $aSeMil$bita 100 1 $aBalthasar, Hans Urs : von,$c.$0(OLS)http://semarc/name/881 240 10$aProlegomena.$0(OLS)http://semarc/title/46491 245 10$aIntroduzione al dramma /$cHans Urs von Balthasar. 264 1$aMilano :$bJaca Book,$c1980. 300 $a637 p. ;$c24 cm 773 0 $aBalthasar, Hans Urs : von $tSez. 2: Teodrammatica.$dMilano : Jaca Book, 1980-1986.$kHans Urs von Balthasar Opere$g1$w()3346 830 0$aGią e non ancora ;$v69.$0(OLS)http://semarc/title/5902 830 0$aHans Urs von Balthasar Opere ;$v8.$0(OLS)http://semarc/title/430463 850 $aSeMil 852 $aSeMil$W1$xVenegono$y1$m2LL IV 8$j257123$B539$CSeMilBibl$Z2$F539 $81 961 $aAcquisto: Centro Vendite Curia 996 $6020$a88-16-30069-8$9(OLS)http://semarc/number/2116 996 $6245$aIntroduzione al dramma$9(OLS)http://semarc/title/46490 996 $6264$aMilano :$bJaca Book$9(OLS)http://semarc/publisher/29781 LEADER 01477nam a2200313 i 4500 001 000000109625 003 CaOOAMICUS 005 20080306000000.0 008 080306s1996 it u000 u ita u 013 $a82305 020 $a88-343-0863-8 040 $aSeMil$bita 100 1 $aAndolfo, Matteo.$0(OLS)http://semarc/name/37915 245 12$aL'ipostasi della «Psyche» in Plotino :$bstruttura e fondamenti /$cMatteo Andolfo ; introduzione di Giovanni Reale. 260 $aMilano :$bVita e Pensiero,$c1996. 300 $aXXVII, 444 p. ;$c22 cm. 490 0 $aTemi metafisici e problemi del pensiero antico : studi e testi ;$v54 500 $aContiene : Appendice ; Indice bibliografico. - Fondo Card. C.M. Martini. 600 04$aPlotino <205-270>.$0(OLS)http://semarc/subject/3357 650 4$aPlotino <205-270> - Metafisica.$0(OLS)http://semarc/subject/19393 700 1 $aReale, Giovanni,$d<1931-2014>.$0(OLS)http://semarc/name/74 830 0$aTemi metafisici e problemi del pensiero antico ;$v54.$0(OLS)http://semarc/title/109 850 $aSeMil 852 $aSeMil$W1$xVenegono$y1$m2R V 374$j65599$B65599$CSeMilBibl$Z2$F77153 $81 941 1 $a4 961 $aOmaggio: Martini Card. Carlo Maria 996 $6020$a88-343-0863-8$9(OLS)http://semarc/number/91076 996 $6245$aL'ipostasi della «Psyche» in Plotino :$bstruttura e fondamenti$9(OLS)http://semarc/title/159203 996 $6260$aMilano :$bVita e Pensiero$9(OLS)http://semarc/publisher/29642